| 000 | 00000nam 2200000zi 4500 |
| 001 | 9.916980 |
| 003 | CaOODSP |
| 005 | 20250815090744 |
| 006 | m o d f |
| 007 | cr |n||||||||| |
| 008 | 221107e202105##onca o f000 0 fre d |
| 040 | |aCaOODSP|bfre|erda|cCaOODSP |
| 043 | |an-cn--- |
| 086 | 1 |aM144-316/2021F-PDF |
| 245 | 03|aLe livre de marque d'ENERGY STAR Canada : |butilisation de l’image de marque ENERGY STAR afin de maintenir et d’accroître la valeur au Canada. |
| 264 | 1|a[Ottawa] : |b[Ressources naturelles Canada], |cMai 2021. |
| 300 | |a1 ressource en ligne (30 pages) : |billustrations (principalement en couleur) |
| 336 | |atexte|btxt|2rdacontent/fre |
| 337 | |ainformatique|bc|2rdamedia/fre |
| 338 | |aressource en ligne|bcr|2rdacarrier/fre |
| 500 | |aPublié aussi en anglais sous le titre : The ENERGY STAR Canada brand book : using the ENERGY STAR identity to maintain and build value in Canada. |
| 650 | 6|aÉnergie|xConsommation|xÉtiquetage|zCanada. |
| 710 | 1 |aCanada. |bRessources naturelles Canada, |eorganisme de publication. |
| 775 | 08|tThe ENERGY STAR Canada brand book : |w(CaOODSP)9.916958 |
| 794 | |tLe livre de marque d'ENERGY STAR Canada : |w(CaOODSP)9.954125 |
| 856 | 40|qPDF|s3.54 Mo|uhttps://publications.gc.ca/collections/collection_2022/rncan-nrcan/M144-316-2021-fra.pdf |